000 00493nam a2200181Ia 4500
005 20250326125149.0
008 250326s9999 xx 000 0 und d
037 _aTextbook
040 _aFMSL
_beng
_cFMSL
041 _aeng
_2eng
084 _aX:97p1N69 L2;1
_qFMSL
100 _aGunter H
245 0 _aTransnational industrial realations
_cGunter H
260 _aNY
_bNY, Macmillan
_c1972
300 _a480p
942 _cTB
_hX:97p1N69 L2;1
999 _c1276817
_d1276817